|
|
|
|
| LEADER |
00000nam0a2200000 4500 |
| 001 |
106889 |
| 005 |
20231031115053.0 |
| 035 |
|
|
|a (RuTPU)RU\TPU\book\115426
|
| 090 |
|
|
|a 106889
|
| 100 |
|
|
|a 20061214d1985 m y0rusy50 ca
|
| 101 |
0 |
|
|a rus
|
| 102 |
|
|
|a KZ
|
| 105 |
|
|
|a a z 001zy
|
| 200 |
1 |
|
|a Статические масс-спектрометры
|f В. М. Кельман , И. В. Родникова, Л. М. Секунова
|g Академия наук Казахской ССР; Институт ядерной физики
|
| 210 |
|
|
|a Алма-Ата
|c Наука
|d 1985
|
| 215 |
|
|
|a 264 с.
|c ил.
|
| 320 |
|
|
|a Библиогр.: с. 241-261.
|
| 610 |
1 |
|
|a масс-спектрометры
|
| 610 |
1 |
|
|a магнитные поля
|
| 610 |
1 |
|
|a ионнооптические свойства
|
| 610 |
1 |
|
|a масс-спектральные приборы
|
| 675 |
|
|
|a 535.33
|v 3
|
| 700 |
|
1 |
|a Кельман
|b В. М.
|g Вениамин Моисеевич
|
| 701 |
|
1 |
|a Родникова
|b И. В.
|g Ирина Викторовна
|
| 701 |
|
1 |
|a Секунова
|b Л. М.
|g Любовь Михайловна
|
| 712 |
0 |
2 |
|a Академия наук Казахской ССР (АН КазССР)
|b Институт ядерной физики (ИЯФ)
|2 stltpush
|3 (RuTPU)RU\TPU\col\1344
|
| 801 |
|
1 |
|a RU
|b 63413507
|c 20061214
|g PSBO
|
| 801 |
|
2 |
|a RU
|b 63413507
|c 20080229
|g PSBO
|
| 942 |
|
|
|c BK
|